[Event "Gdansk op 13th"]
[Site "Gdansk"]
[Date "2011.07.18"]
[Round "3"]
[White "Belczewski, Jacek"]
[Black "Posuniak, Kacper"]
[Result "1-0"]
[WhiteElo "1355"]
[BlackElo "1831"]
[PlyCount "81"]
[EventDate "2011.07.17"]
[EventType "swiss"]
[EventRounds "9"]
[EventCountry "POL"]
[SourceTitle "CBM 143 Extra"]
[Source "ChessBase"]
[SourceDate "2011.08.29"]
[SourceVersion "1"]
[SourceVersionDate "2011.08.29"]
[SourceQuality "1"]

1. c4 Nf6 2. Nc3 e6 3. Nf3 d5 4. cxd5 exd5 5. d4 c6 6. Bg5 Bf5 7. e3 Be7 8. Bd3 Ne4 9. Bxe7 Qxe7 10. Bxe4 dxe4 11. Ne5 0-0 12. 0-0 f6 13. Nc4 Be6 14. Nd2 f5 15. b3 Na6 16. a3 Rad8 17. Qc2 Nc7 18. Nc4 c5 19. Rfd1 Nd5 20. Nxd5 Bxd5 21. Rd2 b5 22. Nb2 Rc8 23. Qd1 c4 24. bxc4 bxc4 25. Na4 f4 26. Nc3 Qg5 27. Nxd5 Qxd5 28. Rc1 f3 29. g3 Rf6 30. Rc3 Rh6 31. Qf1 Qh5 32. h3 Qxh3 33. Qxh3 Rxh3 34. Rdc2 Rc6 35. Rxc4 Rch6 36. Rc8+ Kf7 37. R8c7+ Ke6 38. R2c6+ Kf5 39. Rf7+ Kg4 40. Rxg7+ Kf5 41. g4# 1-0

[Event "POL Region-ch U17"]
[Site "Lochow"]
[Date "2010.10.29"]
[Round "7.4"]
[White "Posuniak, Kacper"]
[Black "Praczukowski, Stanislaw"]
[Result "1-0"]
[WhiteElo "1834"]
[BlackElo "1561"]
[PlyCount "71"]
[EventDate "2010.10.23"]
[EventType "swiss"]
[EventRounds "7"]
[EventCountry "POL"]
[SourceTitle "EXT 2023"]
[Source "ChessBase"]
[SourceDate "2022.10.05"]
[SourceVersion "1"]
[SourceVersionDate "2022.10.05"]
[SourceQuality "1"]

1. d4 Nf6 2. e3 g6 3. Bd3 Bg7 4. Nf3 0-0 5. Nbd2 d6 6. c3 Bg4 7. Qc2 Nbd7 8. 0-0 e5 9. b3 Bxf3 10. Nxf3 exd4 11. exd4 Re8 12. Bd2 c6 13. Rae1 Qc7 14. Ng5 d5 15. f4 Nh5 16. f5 Rxe1 17. Rxe1 Nf4 18. fxg6 hxg6 19. Rf1 Nxd3 20. Qxd3 Nf6 21. Qh3 Re8 22. Bf4 Qd7 23. Be5 Qxh3 24. gxh3 Nh5 25. Nxf7 Bxe5 26. Nxe5 Re7 27. Kg2 c5 28. Kf3 Kg7 29. Rg1 Re6 30. Rg5 Rf6+ 31. Ke3 Re6 32. h4 b6 33. Kd2 Kh7 34. Nxg6 Rxg6 35. Rxh5+ Kg7 36. Rg5 1-0

[Event "POL Region-ch U17"]
[Site "Lochow"]
[Date "2010.10.26"]
[Round "4.1"]
[White "Posuniak, Kacper"]
[Black "Solnicki, Michal"]
[Result "0-1"]
[WhiteElo "1834"]
[BlackElo "2099"]
[PlyCount "116"]
[EventDate "2010.10.23"]
[EventType "swiss"]
[EventRounds "7"]
[EventCountry "POL"]
[SourceTitle "EXT 2023"]
[Source "ChessBase"]
[SourceDate "2022.10.05"]
[SourceVersion "1"]
[SourceVersionDate "2022.10.05"]
[SourceQuality "1"]

1. d4 Nf6 2. e3 d5 3. c4 c6 4. Bd3 e6 5. Nd2 Nbd7 6. Ngf3 Be7 7. 0-0 0-0 8. Qc2 h6 9. b3 b6 10. Bb2 Bb7 11. Rac1 Rc8 12. Qb1 c5 13. e4 dxe4 14. Nxe4 Nxe4 15. Bxe4 Bxe4 16. Qxe4 cxd4 17. Bxd4 Nc5 18. Qe2 Bf6 19. Rfd1 Bxd4 20. Rxd4 Qf6 21. Qe5 Qxe5 22. Nxe5 Rfd8 23. Rcd1 Rxd4 24. Rxd4 f6 25. Nd3 e5 26. Rd5 Nxd3 27. Rxd3 Rc7 28. f3 Kf7 29. Kf2 Ke6 30. Ke3 h5 31. Rd8 g5 32. g3 Rh7 33. Ke4 f5+ 34. Ke3 f4+ 35. gxf4 exf4+ 36. Ke4 Re7 37. Rf8 Kd6+ 38. Kf5 Re2 39. Kxg5 Rxh2 40. Rxf4 Rxa2 41. b4 Rb2 42. b5 Rh2 43. Rf7 Kc5 44. Rxa7 Kxc4 45. Rh7 Kxb5 46. Rxh5 Rf2 47. Kf4+ Kc4 48. Ke4 b5 49. Rh8 Re2+ 50. Kf5 b4 51. f4 b3 52. Kg6 Re6+ 53. Kf7 Rb6 54. f5 b2 55. Rh1 b1Q 56. Rxb1 Rxb1 57. f6 Kd5 58. Ke7 Rb7+ 0-1

[Event "Gdansk op 12th "]
[Site "Gdansk"]
[Date "2010.07.18"]
[Round "3"]
[White "Posuniak, Kacper"]
[Black "Kobus, Sebastian"]
[Result "1-0"]
[WhiteElo "1786"]
[BlackElo "2080"]
[PlyCount "124"]
[EventDate "2010.07.17"]
[EventType "swiss"]
[EventRounds "9"]
[EventCountry "POL"]
[SourceTitle "EXT 2011"]
[Source "ChessBase"]
[SourceDate "2010.11.26"]
[SourceVersion "1"]
[SourceVersionDate "2010.11.26"]
[SourceQuality "1"]

1. d4 d5 2. c4 e6 3. e3 Nf6 4. Nf3 Be7 5. Nbd2 0-0 6. Bd3 c5 7. b3 cxd4 8. exd4 Nc6 9. Bb2 b6 10. a3 Bb7 11. 0-0 Re8 12. Qc2 Rc8 13. Rad1 Bf8 14. Rfe1 g6 15. Nf1 Bg7 16. Ng3 Qc7 17. Qb1 Na5 18. Nd2 Bh6 19. Bc3 dxc4 20. Nxc4 Nc6 21. Ne4 Nxe4 22. Bxe4 b5 23. Ne3 Ne7 24. Bd2 Bg7 25. Bb4 Bxe4 26. Qxe4 Qc6 27. Qxc6 Nxc6 28. Bc5 Red8 29. d5 exd5 30. Rxd5 a6 31. Red1 Re8 32. b4 Bb2 33. R1d3 Ne5 34. Rb3 Nc4 35. g3 Nxe3 36. fxe3 Bg7 37. Rbd3 Bf8 38. Kf2 Bxc5 39. bxc5 Rc6 40. Rc3 Kf8 41. Kf3 Rf6+ 42. Ke2 Rc8 43. Re5 Rfc6 44. e4 f6 45. Rd5 Ke7 46. Ke3 R8c7 47. Kd4 Re6 48. g4 Rc8 49. Rh3 h5 50. gxh5 g5 51. h6 Rh8 52. e5 f5 53. Rd6 g4 54. Rh5 f4 55. Kd5 Rxd6+ 56. cxd6+ Kd8 57. h7 f3 58. e6 Kc8 59. Kc6 Kb8 60. Kb6 a5 61. Rg5 Rc8 62. Rg8 f2 1-0

[Event "POL-chT U19 2nd League"]
[Site "Chelm Lubelski"]
[Date "2010.07.12"]
[Round "9"]
[White "Posuniak, Kacper"]
[Black "Somyk, Marcin"]
[Result "0-1"]
[WhiteElo "1786"]
[BlackElo "1869"]
[PlyCount "72"]
[EventDate "2010.07.06"]
[EventType "team-tourn"]
[EventRounds "11"]
[EventCountry "POL"]
[SourceTitle "EXT 2011"]
[Source "ChessBase"]
[SourceDate "2010.11.26"]
[SourceVersion "1"]
[SourceVersionDate "2010.11.26"]
[SourceQuality "1"]
[WhiteTeam "Radom UKS MDK U19"]
[BlackTeam "Wroclaw MUKS MDK Fabryczna U19"]
[WhiteTeamCountry "POL"]
[BlackTeamCountry "POL"]

1. d4 d5 2. Nf3 Nf6 3. g3 c5 4. dxc5 Qa5+ 5. Nc3 Nc6 6. Bd2 Qxc5 7. Be3 Qa5 8. Bd2 Qb6 9. Bg2 e5 10. Ng5 h6 11. Nh3 Bf5 12. 0-0 Be7 13. e4 dxe4 14. Kh1 Rd8 15. Qc1 Nd4 16. Be3 Qc6 17. Ng1 0-0 18. f3 exf3 19. Nxf3 Nxf3 20. Rxf3 Bh3 21. Qf1 Bxg2+ 22. Qxg2 Ng4 23. h3 Nxe3 24. Rxe3 Qxg2+ 25. Kxg2 Rd2+ 26. Re2 Rxe2+ 27. Nxe2 Rd8 28. Kf3 Rd2 29. Rc1 f5 30. h4 Bc5 31. b4 Bb6 32. Re1 Rxc2 33. a4 a6 34. a5 Ba7 35. g4 e4+ 36. Kf4 Bf2 0-1

[Event "POL-ch U18"]
[Site "Karpacz"]
[Date "2010.03.08"]
[Round "4"]
[White "Puczylowski, Marcin"]
[Black "Posuniak, Kacper"]
[Result "1-0"]
[WhiteElo "2070"]
[BlackElo "1792"]
[PlyCount "69"]
[EventDate "2010.03.06"]
[EventType "swiss"]
[EventRounds "11"]
[EventCountry "POL"]
[SourceTitle "CBM 135 Extra"]
[Source "ChessBase"]
[SourceDate "2010.05.04"]
[SourceVersion "1"]
[SourceVersionDate "2010.05.04"]
[SourceQuality "1"]

1. d4 Nf6 2. c4 g6 3. Nc3 Bg7 4. g3 0-0 5. Bg2 d6 6. e3 a6 7. Nge2 c5 8. dxc5 dxc5 9. 0-0 Nc6 10. Na4 Qc7 11. Nxc5 Nb4 12. Nb3 Qxc4 13. Nbd4 Rd8 14. b3 Qc5 15. a3 Nc6 16. b4 Qb6 17. Qc2 Bg4 18. Nxc6 Bxe2 19. Nxe7+ Kf8 20. Nxg6+ hxg6 21. Qxe2 Ne4 22. Bb2 Rd2 23. Bxg7+ Kxg7 24. Qe1 Rad8 25. Bxe4 Qb5 26. Qc1 Qe2 27. Qc3+ Kh7 28. Qf6 R8d7 29. Qf3 Qb5 30. Rfd1 Qe5 31. Bxb7 R7d6 32. Rab1 Rf6 33. Qe4 Rxd1+ 34. Rxd1 Qb2 35. Qh4+ 1-0

[Event "POL-sf U15 MA+WM"]
[Site "Besia"]
[Date "2007.10.26"]
[Round "11.3"]
[White "Malec, Jakub"]
[Black "Posuniak, Kacper"]
[Result "0-1"]
[WhiteElo "1617"]
[BlackElo "1727"]
[PlyCount "68"]
[EventDate "2007.10.21"]
[EventType "tourn"]
[EventRounds "10"]
[EventCountry "POL"]
[SourceTitle "EXT 2023"]
[Source "ChessBase"]
[SourceDate "2022.10.05"]
[SourceVersion "1"]
[SourceVersionDate "2022.10.05"]
[SourceQuality "1"]

1. e4 e6 2. d4 d5 3. exd5 exd5 4. Bd3 Nc6 5. c3 Bd6 6. Qf3 Nge7 7. Be3 Be6 8. Nd2 Qd7 9. h3 h6 10. Qe2 0-0-0 11. Ngf3 Rde8 12. b4 Bf5 13. a4 Bxd3 14. Qxd3 Qf5 15. Qe2 g5 16. Nb3 Ng6 17. g3 Qe6 18. Ra2 f5 19. b5 Nb8 20. Nc5 Bxc5 21. dxc5 Qe4 22. 0-0 f4 23. Nd2 Qe6 24. b6 axb6 25. cxb6 c6 26. gxf4 gxf4 27. Qh5 fxe3 28. fxe3 Qxe3+ 29. Kh1 Qg5 30. Qf3 Rhf8 31. Qd3 Rxf1+ 32. Nxf1 Nf4 33. Qh7 Nd7 34. Qf7 Re7 0-1

[Event "POL-sf U15 MA+WM"]
[Site "Besia"]
[Date "2007.10.22"]
[Round "3.1"]
[White "Posuniak, Kacper"]
[Black "Borowicz, Przemyslaw"]
[Result "1/2-1/2"]
[WhiteElo "1727"]
[BlackElo "1980"]
[PlyCount "119"]
[EventDate "2007.10.21"]
[EventType "tourn"]
[EventRounds "10"]
[EventCountry "POL"]
[SourceTitle "EXT 2023"]
[Source "ChessBase"]
[SourceDate "2022.10.05"]
[SourceVersion "1"]
[SourceVersionDate "2022.10.05"]
[SourceQuality "1"]

1. d4 Nf6 2. c4 e6 3. Nc3 d5 4. Bg5 Nbd7 5. Nf3 c6 6. e3 Qa5 7. Bh4 Ne4 8. Qb3 Bb4 9. Rc1 Nb6 10. Nd2 Nxd2 11. Kxd2 0-0 12. a3 Bxc3+ 13. Qxc3 Qxc3+ 14. Rxc3 f6 15. c5 Nd7 16. Bd3 e5 17. f3 Re8 18. g4 Nf8 19. Bf5 Bxf5 20. gxf5 exd4 21. exd4 Kf7 22. Rcc1 g6 23. fxg6+ hxg6 24. Bf2 Ne6 25. h4 g5 26. Be3 f5 27. Kd3 f4 28. Bd2 Rh8 29. hxg5 Nxg5 30. Bxf4 Nxf3 31. Be3 Nh4 32. Rhf1+ Kg7 33. Rf2 Raf8 34. Rg1+ Ng6 35. Rfg2 Rf6 36. Bg5 Re6 37. Rg3 Rh2 38. Bf4 Rxb2 39. Be5+ Kf7 40. Rf1+ Ke8 41. Kc3 Re2 42. Rf6 Rxf6 43. Bxf6 Kf7 44. Rf3 Re6 45. Be5+ Ke8 46. Bb8 a6 47. Bd6 Ne7 48. a4 Re4 49. a5 Re1 50. Kd2 Re4 51. Kc3 Rg4 52. Re3 Rg7 53. Kd3 Kd7 54. Bxe7 Rxe7 55. Rxe7+ Kxe7 56. Ke2 Kf6 57. Kf2 Kg6 58. Kg2 Kf6 59. Kf2 Ke6 60. Ke2 1/2-1/2

[Event "POL-sf U15 MA+WM"]
[Site "Besia"]
[Date "2007.10.21"]
[Round "1.2"]
[White "Posuniak, Kacper"]
[Black "Puczylowski, Marcin"]
[Result "1-0"]
[WhiteElo "1727"]
[BlackElo "1932"]
[PlyCount "65"]
[EventDate "2007.10.21"]
[EventType "tourn"]
[EventRounds "10"]
[EventCountry "POL"]
[SourceTitle "EXT 2023"]
[Source "ChessBase"]
[SourceDate "2022.10.05"]
[SourceVersion "1"]
[SourceVersionDate "2022.10.05"]
[SourceQuality "1"]

1. d4 d5 2. c4 c6 3. cxd5 cxd5 4. Nc3 Nf6 5. Bf4 Nc6 6. Nf3 Qb6 7. Na4 Qa5+ 8. Bd2 Qc7 9. e3 Bf5 10. Rc1 e6 11. Ne5 a6 12. Be2 Bd6 13. f4 Ne4 14. Nc3 Qd8 15. Nxe4 Bxe4 16. Nxc6 Qh4+ 17. Kf1 bxc6 18. Rxc6 Rd8 19. Ba5 0-0 20. Bxd8 Rxd8 21. a3 g5 22. Qe1 Qh6 23. Qg3 Be7 24. fxg5 Qg6 25. h4 a5 26. Ke1 h6 27. Qe5 Bxg2 28. Rg1 Bh3 29. Kf2 Kh7 30. h5 Qf5+ 31. Qxf5+ Bxf5 32. g6+ fxg6 33. Rc7 1-0

[Event "POL-chT U19 2nd League"]
[Site "Lublin"]
[Date "2007.07.09"]
[Round "4"]
[White "Lewtak, Damian"]
[Black "Posuniak, Kacper"]
[Result "1-0"]
[WhiteElo "1758"]
[BlackElo "1759"]
[PlyCount "87"]
[EventDate "2007.07.07"]
[EventType "team-swiss"]
[EventRounds "11"]
[EventCountry "POL"]
[SourceTitle "EXT 2010"]
[Source "ChessBase"]
[SourceDate "2010.11.25"]
[SourceVersion "1"]
[SourceVersionDate "2010.11.25"]
[SourceQuality "1"]
[WhiteTeam "Czarna LKSz GCKiP U19"]
[BlackTeam "Radom UKS MDK U19"]
[WhiteTeamCountry "POL"]
[BlackTeamCountry "POL"]

1. e4 e6 2. d4 d5 3. e5 c5 4. c3 Qb6 5. Be2 Nc6 6. Nf3 cxd4 7. cxd4 Nge7 8. Na3 Nf5 9. Nc2 Bd7 10. 0-0 Be7 11. b3 0-0 12. g4 Nh4 13. Nxh4 Bxh4 14. f4 f6 15. Be3 Rac8 16. Bd3 Nb4 17. Nxb4 Qxb4 18. g5 fxg5 19. Qh5 g6 20. Bxg6 hxg6 21. Qxg6+ Kh8 22. Qh6+ Kg8 23. fxg5 Qe7 24. Qxh4 Bb5 25. Rxf8+ Rxf8 26. Qg4 Rf5 27. Rc1 Qf8 28. Qg2 Bd3 29. Qh3 Qe8 30. Qh6 Rf7 31. Qh3 b6 32. Qg4 Bf5 33. Qg3 Bd3 34. Rc3 Rf1+ 35. Kg2 Rd1 36. Qh4 Bf1+ 37. Kf2 Bd3 38. Bf4 Qf8 39. Ke3 Ba6 40. g6 Qg7 41. Bh6 Qxg6 42. Qd8+ Kh7 43. Rc7+ Kxh6 44. Qh4+ 1-0

[Event "Makowiec Radomski-ch"]
[Site "Makowiec"]
[Date "2007.05.02"]
[Round "7"]
[White "Posuniak, Kacper"]
[Black "Barszcz, Michal"]
[Result "1-0"]
[WhiteElo "1766"]
[BlackElo "1675"]
[PlyCount "43"]
[EventDate "2007.04.29"]
[EventType "swiss"]
[EventRounds "9"]
[EventCountry "POL"]
[SourceTitle "EXT 2023"]
[Source "ChessBase"]
[SourceDate "2022.10.05"]
[SourceVersion "1"]
[SourceVersionDate "2022.10.05"]
[SourceQuality "1"]

1. e4 c5 2. c3 d5 3. e5 Nc6 4. d4 cxd4 5. cxd4 e6 6. Nf3 Bd7 7. Nc3 Nge7 8. Bg5 Qb6 9. Na4 Qc7 10. Bd3 Qa5+ 11. Bd2 Qc7 12. Rc1 Ng6 13. h4 Rc8 14. h5 Nge7 15. g4 h6 16. Nc5 a6 17. a3 Qb8 18. b4 b6 19. Nxa6 Qb7 20. b5 Na5 21. 0-0 Ra8 22. Nc7+ 1-0

[Event "Makowiec Radomski-ch"]
[Site "Makowiec"]
[Date "2007.05.01"]
[Round "4"]
[White "Posuniak, Kacper"]
[Black "Gora, Jan"]
[Result "0-1"]
[WhiteElo "1766"]
[BlackElo "1582"]
[PlyCount "150"]
[EventDate "2007.04.29"]
[EventType "swiss"]
[EventRounds "9"]
[EventCountry "POL"]
[SourceTitle "EXT 2023"]
[Source "ChessBase"]
[SourceDate "2022.10.05"]
[SourceVersion "1"]
[SourceVersionDate "2022.10.05"]
[SourceQuality "1"]

1. d4 d5 2. c4 e6 3. Nc3 c6 4. e4 Bb4 5. e5 dxc4 6. Bxc4 c5 7. d5 exd5 8. Bxd5 Ne7 9. Bb3 Qxd1+ 10. Bxd1 Nd5 11. Bd2 Bxc3 12. Bxc3 Nxc3 13. bxc3 Bd7 14. f4 Bc6 15. Nf3 Na6 16. 0-0 Nc7 17. c4 Rd8 18. Bc2 Ne6 19. f5 Nd4 20. Nxd4 Rxd4 21. Bb3 Ke7 22. Rad1 Rhd8 23. f6+ gxf6 24. exf6+ Kf8 25. Rxd4 Rxd4 26. Rf2 Ke8 27. Re2+ Re4 28. Rxe4+ Bxe4 29. Ba4+ Kd8 30. Kf2 Bd3 31. Bb3 Kd7 32. Ke3 Bg6 33. Kf4 Ke6 34. Kg5 a6 35. h4 h5 36. g3 Ke5 37. a4 b6 38. Bd1 Bd3 39. Bb3 Be2 40. Ba2 Bg4 41. Bb3 Be2 42. Ba2 Bd1 43. Bb1 Bxa4 44. Kxh5 Kxf6 45. Kg4 Bd1+ 46. Kf4 Be2 47. Ba2 b5 48. cxb5 axb5 49. Ke3 Bf1 50. Kd2 b4 51. Bd5 c4 52. Kc2 Kg6 53. g4 Bd3+ 54. Kb2 f5 55. gxf5+ Kxf5 56. h5 Kg5 57. Bf7 Kf6 58. Bg8 Kg5 59. Bf7 Bf1 60. Kc2 Be2 61. Kd2 Bd3 62. Be8 Bf5 63. Bf7 c3+ 64. Kc1 Kh6 65. Kd1 Bg4+ 66. Ke1 Bxh5 67. Bb3 Kg5 68. Kf2 Kf4 69. Bc2 Bf7 70. Ke2 Bc4+ 71. Kd1 b3 72. Kc1 Ke3 73. Bg6 Bd3 74. Bxd3 Kxd3 75. Kd1 b2 0-1